| 000 | 00901cam a22002054a 4500 | ||
|---|---|---|---|
| 005 | 20250605164103.0 | ||
| 008 | 250528s ||||||||||||||||||||||||d | ||
| 035 | _a17631 | ||
| 020 | _a9789605610678 | ||
| 040 |
_aGR-AtMCL _bgre _dGR-AtMCL _eAACR2 |
||
| 245 | 1 | _aΔήλος / Ιστορικά Μνημεία της Ελλάδας: Αρχαία Ελλάδα | |
| 260 | _c2013 | ||
| 300 | _a72 | ||
| 520 | _aΗ Δήλος ξεδιπλώνει το ιερό, λαμπρό και κοσμοπολίτικο παρελθόν της. National Geographic. Εισαγωγικό Σημείωμα, Η Ιστορία της Δήλου, Οι Ανασκαφές στη Δήλο, Το Μουσείο της Δήλου, Βιβλιογραφία. | ||
| 700 | 1 |
_aΚοπελιάδης Γιώργος _93825 |
|
| 942 | _cBK | ||
| 710 | 2 |
_aNational Geographic Society _99746 |
|
| 999 |
_c3033 _d3033 |
||